Моделирование виртуального прибора акустико-эмиссионного метода контроля; Ресурсоэффективные системы в управлении и контроле: взгляд в будущее; Ч. 2

Detalles Bibliográficos
Parent link:Ресурсоэффективные системы в управлении и контроле: взгляд в будущее: сборник научных трудов III Международной конференции школьников, студентов, аспирантов, молодых ученых, 06 - 11 октября 2014 г./ Национальный исследовательский Томский политехнический университет (ТПУ).— , 2014
Ч. 2.— 2014.— [С. 184-187]
Autor Principal: Петрова А. Б. Анна Борисовна
Autor Corporativo: Национальный исследовательский Томский политехнический университет (ТПУ)
Summary:Заглавие с титульного экрана
Idioma:ruso
Publicado: 2014
Series:Эффективные системы управления качеством
Subjects:
Acceso en liña:http://www.lib.tpu.ru/fulltext/c/2014/C47/V2/056.pdf
Formato: MixedMaterials Electrónico Capítulo de libro
KOHA link:https://koha.lib.tpu.ru/cgi-bin/koha/opac-detail.pl?biblionumber=611206

MARC

LEADER 00000naa2a2200000 4500
001 611206
005 20231101132639.0
035 |a (RuTPU)RU\TPU\conf\8932 
035 |a RU\TPU\conf\8930 
090 |a 611206 
100 |a 20150227d2014 k y0rusy50 ca 
101 0 |a rus 
102 |a RU 
105 |a y z 101zy 
135 |a drcn ---uucaa 
181 0 |a i  
182 0 |a b 
200 1 |a Моделирование виртуального прибора акустико-эмиссионного метода контроля  |f А. Б. Петрова 
203 |a Текст  |c электронный 
225 1 |a Эффективные системы управления качеством 
230 |a 1 компьютерный файл (pdf; 489 Kb) 
300 |a Заглавие с титульного экрана 
337 |a Adobe Reader 
461 1 |0 (RuTPU)RU\TPU\conf\8514  |t Ресурсоэффективные системы в управлении и контроле: взгляд в будущее  |o сборник научных трудов III Международной конференции школьников, студентов, аспирантов, молодых ученых, 06 - 11 октября 2014 г.  |o в 4 ч.  |f Национальный исследовательский Томский политехнический университет (ТПУ)  |d 2014 
463 0 |0 (RuTPU)RU\TPU\conf\8518  |t Ч. 2  |v [С. 184-187]  |d 2014 
610 1 |a труды учёных ТПУ 
610 1 |a электронный ресурс 
610 1 |a моделирование 
610 1 |a виртуальные приборы 
610 1 |a акустико-эмиссионные методы 
610 1 |a методы контроля 
610 1 |a неразрушающий контроль 
610 1 |a акустическая эмиссия 
610 1 |a дефекты 
610 1 |a контроль 
700 1 |a Петрова  |b А. Б.  |c специалист в области неразрушающего контроля  |c младший научный сотрудник Томского политехнического университета  |f 1992-  |g Анна Борисовна  |2 stltpush  |3 (RuTPU)RU\TPU\pers\36004 
712 0 2 |a Национальный исследовательский Томский политехнический университет (ТПУ)  |c (2009- )  |2 stltpush  |3 (RuTPU)RU\TPU\col\15902 
801 2 |a RU  |b 63413507  |c 20181213  |g RCR 
856 4 |u http://www.lib.tpu.ru/fulltext/c/2014/C47/V2/056.pdf 
942 |c BK